000 00355nam a2200133Ia 4500
008 240624s9999 xx 000 0 und d
041 _aeng
082 _a005.36 PRE
100 _aPREPPERNAU JOAN
245 _aWINDOWS VISTA STEP BY STEP
260 _c2008
_aNew Delhi
_bPrentice-Hall of India
300 _alxxiii, : 389 : p. : cm. ; 25
365 _cRS
_b36
999 _c10576
_d10576